Dos corazones laten como uno solo /

Guardado en:
Autor Principal: Barnard, Christiaan
Formato: Deslizar
Series:El Cuerpo Viviente
Materias:
Etiquetas: Agregar Etiqueta
Sin Etiquetas, Sea el primero en etiquetar este registro!
LEADER 00989ngm a22002895g 4500
001 CEM.cems021448
008 130507b1992##################0###0#####d
005 20240823162428.0
245 1 0 |a Dos corazones laten como uno solo /  |c Barnard, Christiaan 
300 |a 25 
490 0 |a El Cuerpo Viviente 
500 |a En soporte VHS, consultar en ventanilla. 
505 0 |a Funcionamiento cardiovascular. Ritmo cardíaco: latidos. Músculo cardíaco: entrenamiento. Ataque cardíaco: mala alimentación. 
538 |a Soporte: VHS - Norma: Pal N - Color - Grabación Drd 1992 - Hitachi=2360 
100 1 |a Barnard, Christiaan 
082 6 1 |/ BAR-5 
653 |a ANATOMIA 
653 |a FISIOLOGIA 
653 |a APARATO CIRCULATORIO 
653 |a CORAZON 
653 |a ATAQUE CARDIACO 
653 |a BIOLOGIA 
653 |a ALIMENTACION 
653 |a SANGRE 
653 |a RITMO CARDIACO 
653 |a NIVEL SECUNDARIO 
859 |a CEMS  |b BIB. CEMS - Depto. Recursos Didacticos  |h 611  |i BAR-5  |k DRD  |p 91.12  |t Ej.1